| 000 | 00514nam a2200181 a 4500 | ||
|---|---|---|---|
| 005 | 20141022142001.0 | ||
| 008 | 110118s19uu xx 00 eng d | ||
| 020 | _a9781591473015 | ||
| 050 |
_aDVD _bMc14 2005 |
||
| 100 | _aMcCullough, Leigh | ||
| 245 | _aAffect-focused dynamic psychotherapy. | ||
| 260 |
_bAPA, _c2005. |
||
| 440 | _aSeries I- Systems of psychotherapy | ||
| 650 | _aTherapeutic approaches. | ||
| 650 | _aTreatment-Hands-on-Live sessions. | ||
| 650 | _aTreatment-Psycholgy. | ||
| 942 | _cAVM | ||
| 999 |
_c276295 _d276295 |
||